000 00510nam a22001937a 4500
999 _c6692
_d6692
003 OSt
005 20200302160231.0
008 200302b ||||| |||| 00| 0 eng d
020 _a9187748789
040 _cDDC.
082 _a303.6PAF 2006.
100 _aPaffenholz,Thania;
_912765
245 _aCommunity Based Bottom-up Peace Building:
250 _a2nd ed.
260 _aKenya.
_bLife& Peace Institute.
_c2006.
300 _a90p;
_bill;
_c20cm.
650 _aPeace Building.
_913756
942 _2ddc
_cO_SHELF